000 00828cam a22002531 4500
001 e 43000149
003 DLC
005 20260227111231.0
008 881109s1943 kyuk s000 0 eng c
010 _ae 43000149
035 _a(OCoLC)18727232
040 _aU.S. Off. of Educ. Library
_cMsU
_dDLC
042 _apremarc
050 0 0 _aL152
_b.B35 vol. 11, no. 8
110 1 _aKentucky.
_bDepartment of Education.
245 1 4 _aThe school lunch program.
260 _a[Frankfort]
_bDept. of Education
_c[1943]
300 _a[459]-485 p. incl. forms.
_c23 cm.
490 1 _aIts Educational bulletin ...
_vVol. XI, no. 8
500 _aAt head of title: Commonwealth of Kentucky.
650 0 _aSchool children
_xFood.
650 0 _aChildren
_xNutrition.
830 0 _aEducational bulletin (Frankfort, Ky.) ;
_vVol. XI, no. 8.
999 _c21938
_d21938